000 00314nam a2200133Ia 4500
008 240624s9999 xx 000 0 und d
041 _aeng
082 _a330.973 SOR
100 _aSORKIN ANDREW ROSS
245 _aTOO BIG TO FAIL
260 _c2009
_aNew York
_bPenguin UK
300 _a352 : p.
365 _cRS
_b27
999 _c16626
_d16626